La Cueca: danza de la vida y de la muerte. Registro fonográfico y audiovisual
Zapisane w:
| Główni autorzy: | , |
|---|---|
| Format: | Książka |
| Język: | hiszpański |
| Wydane: |
Valparaíso
Universitarias
2010
|
| Hasła przedmiotowe: | |
| Dostęp online: | texto completo librillo CDs |
| Etykiety: |
Dodaj etykietę
Nie ma etykietki, Dołącz pierwszą etykiete!
|
MARC
| LEADER | 00000cam a2200000 a 4500 | ||
|---|---|---|---|
| 001 | UCG5501 | ||
| 003 | CL-VaPUC | ||
| 008 | 110310e20100000CL |||||||||||||||||spa|d | ||
| 020 | |a 9789561704701 | ||
| 082 | 0 | 4 | |a 793.31 |b LOY |2 21 |
| 100 | |a Loyola Palacios, Margot |e autora |9 367508 | ||
| 700 | 0 | |a Cádiz Valenzuela, Osvaldo |e author |9 555212 | |
| 245 | 1 | 3 | |a La Cueca: danza de la vida y de la muerte. Registro fonográfico y audiovisual |
| 300 | |a 4 cd + 1 dvd | ||
| 942 | |c BK | ||
| 945 | |d 20110310 00:00:00 |a dcastane | ||
| 260 | |a Valparaíso |b Universitarias |c 2010 | ||
| 500 | |a cd.1: Canto a la tierra | ||
| 500 | |a cd.2: Intérpretes | ||
| 500 | |a cd.3 : Palomar | ||
| 500 | |a cd.4: Cuecas por Margot Loyola | ||
| 500 | |a dvd.5: Registro audiovisual | ||
| 500 | |a Discos complementarios con volumen escrito | ||
| 650 | 0 | |a Musicología |9 306520 | |
| 650 | 0 | |a Música folklórica |9 306412 | |
| 650 | 7 | |a DANZA FOLKLORICA |2 CL-VaPUC |9 339082 | |
| 650 | 0 | |a Música tradicional |9 459272 | |
| 650 | 7 | |a CULTURAS POPULARES |2 CL-VaPUC |9 338177 | |
| 651 | 7 | |a CHILE |2 CL-VaPUC |9 555213 | |
| 856 | 7 | 0 | |f UCG5501_01.pdf |q PDF |z texto completo |2 file |u http://opac.pucv.cl/pucv_txt/txt-5500/UCG5501_01.pdf |
| 856 | 7 | 0 | |f UCG5501_02.pdf |q PDF |z librillo CDs |2 file |u http://opac.pucv.cl/pucv_txt/txt-5500/UCG5501_02.pdf |
| 583 | |a last modification |c 20191002 03:41:51 |k Rodrigo Vera | ||
| 999 | |c 343978 |d 343976 | ||
| 952 | |0 0 |1 0 |3 cd |4 0 |6 793_310000000000000_LOY_2010 |7 0 |8 X |9 441713 |a FDOMLP |b FDOMLP |d 2019-11-22 |i 4752988 |o 793.31 LOY 2010 |p 4752988 |r 2019-11-22 |w 2019-11-22 |y BK_X |k BU2 | ||
| 952 | |0 0 |1 0 |3 cd |4 0 |6 793_310000000000000_LOY_2010 |7 0 |8 R |9 441714 |a BIBEDU |b BIBEDU |d 2019-11-22 |i 4759265 |o 793.31 LOY 2010 |p 4759265 |r 2023-01-12 |w 2019-11-22 |y BK_R |k MUS | ||
| 952 | |0 0 |1 0 |3 cd |4 0 |6 793_310000000000000_LOY_2010 |7 0 |8 R |9 441715 |a BIBEDU |b BIBEDU |d 2019-11-22 |i 4759281 |o 793.31 LOY 2010 |p 4759281 |r 2023-01-12 |w 2019-11-22 |y BK_R |k MUS | ||
| 952 | |0 0 |1 0 |3 cd |4 0 |6 793_310000000000000_LOY_2010 |7 0 |8 R |9 441716 |a BIBEDU |b BIBEDU |d 2019-11-22 |i 4759303 |o 793.31 LOY 2010 |p 4759303 |r 2023-01-12 |w 2019-11-22 |y BK_R |k MUS | ||
| 952 | |0 0 |1 0 |3 cd |4 0 |6 793_310000000000000_LOY_2010 |7 0 |8 R |9 441717 |a BIBEDU |b BIBEDU |c MCIRC |d 2019-11-22 |i 4759338 |o 793.31 LOY 2010 |p 4759338 |r 2023-01-13 |w 2019-11-22 |y BK_R |k EDU | ||
| 952 | |0 0 |1 0 |3 cd |4 0 |6 793_310000000000000_LOY_2010 |7 0 |8 X |9 441718 |a FDOMLP |b FDOMLP |d 2019-11-22 |i 4759354 |o 793.31 LOY 2010 |p 4759354 |r 2019-11-22 |w 2019-11-22 |y BK_X |k BU2 | ||
| 952 | |0 0 |1 0 |3 cd |4 0 |6 793_310000000000000_LOY_2010 |7 0 |8 X |9 441719 |a FDOMLP |b FDOMLP |d 2019-11-22 |i 4759370 |o 793.31 LOY 2010 |p 4759370 |r 2019-11-22 |w 2019-11-22 |y BK_X |k BU2 | ||
| 952 | |0 0 |1 0 |3 cd |4 0 |6 793_310000000000000_LOY_2010 |7 0 |8 X |9 441720 |a FDOBUD |b FDOBUD |d 2019-11-22 |i 477258K |o 793.31 LOY 2010 |p 477258K |r 2019-11-22 |w 2019-11-22 |y BK_X |k FHP | ||
| 952 | |0 0 |1 0 |3 cd |4 0 |6 793_310000000000000_LOY_2010 |7 0 |8 C |9 441722 |a BIBCUR |b BIBCUR |d 2019-11-22 |i 4759397 |o 793.31 LOY 2010 |p 4759397 |r 2025-04-22 |w 2019-11-22 |y BK |k CAC | ||
| 952 | |0 0 |1 0 |3 cd |4 0 |6 793_310000000000000_LOY_2010 |7 0 |8 A |9 441723 |a BIBING |b BIBING |i 5018838 |o 793.31 LOY 2010 |p 5018838 |r 2025-01-20 |w 2019-11-22 |y BK |z Catalogado en:20140710 |k CUI | ||